000 00337pam a2200157a 44500
008 230515b2004 xxu||||| |||| 00| 0 eng d
020 _a0
041 _aENGL
082 _a617/BAI
100 _aBAILEY
245 _aSHORT PRACTICE OF SURGERY
250 _a24TH
260 _aNULL
_bARNOLOD
_c2004
300 _a1522
650 _aN.D.
999 _c558082
_d558082